000 01053nam a2200301 u 4500
001 000046603
003 DO-SdBNP
005 20250707134231.0
008 170125s2008 sp c r 001 0 eng d
020 _a9788430605613
040 _aDO-SdBNP
_bspa
_cBNPHU
082 4 _a940.554
_bG618e
_222
100 1 _aGoldensohn, Leon
_974586
240 1 4 _aThe Nuremberg interviews
_lEspañol
245 1 0 _aLas entrevistas de Nuremberg /
_cLeon Goldensohn ; edición e introducción de Robert Gellately.
250 _a3a. ed.
260 _aMadrid :
_bTaurus,
_c2008.
300 _a590 p. :
_bil., retratos, ;
_c28 cm.
490 1 _aTaurus historia
500 _aIncluye índice
500 _aIncluye datos biográficos del autor en la solapa de la cubeirta
650 4 _aJuicio de núremberg,
_d1945-1946
_974587
650 4 _aCriminales de guerra
_zAlemania
_vEntrevistas
_974588
650 4 _aGuerra mundial II
_y1939-1945
_xAtrocidades
_974589
700 1 2 _aGellately, Robert
_d1943-
_eed.
_974590
830 0 _aTaurus historia
_974591
942 _2ddc
_cLBS1
999 _c46092
_d46092